000 00308nam a2200109Ia 4500
008 171211s9999 xx 000 0 und d
245 _aTerry Nation: The Man Who Invented the Daleks
245 _cAlwyn W. Turner
260 _c2013
650 _xcinema
856 _uhttp://down.ebook777.com/063/1845136098.pdf
999 _c348731
_d348731